000 02355nam0a2200373 i 4500
001 RU\NLR\BIBL_A\010826133
005 20241114205919.0
010 _a9785949844830
_9100
021 _aRU
_b2015-54051
_93192
035 _a(NILC)RuMoRGB-007980581
035 _a(NLR Aleph) 010826133
090 _a10265044
_c10265044
100 _a20150827d2014 km y0rusy50 ca
101 0 _arus
102 _aRU
105 _aa j 000yy
200 1 _aПолучение и применение изделий из древесно-полимерных композитов с термопластичными полимерными матрицами
_eучебное пособие
_fВ. В. Глухих, И. М. Мухин, А. Е. Шкуро, В. Г. Бурындин
_gМ-во образования и науки Российской Федерации, ФГБОУ ВПО "Уральский гос. лесотехнический ун-т"
210 _aЕкатеринбург
_cУральский государственный лесотехнический университет
_d2014
215 _a84 с.
_cил., табл.
_d21
320 _aБиблиогр.: с. 82-83 (21 назв.)
606 _aДревесные пластические массы композиционные
_jУчебные издания для высших учебных заведений
_xПроизводство
_92137930
_3RU\NLR\AUTH\661593353
606 1 _aПластмассовые изделия
_jУчебные издания для высших учебных заведений
_xПроизводство
_92218211
_3RU\NLR\AUTH\661332123
606 _aТермопласты
_jУчебные издания для высших учебных заведений
_xПереработка
_92390966
_3RU\NLR\AUTH\661425860
610 0 _aдревесно-полимерные композиты
686 1 _aМ133.6я73-1
701 1 _aГлухих
_bВ. В.
_gВиктор Владимирович
701 1 _aМухин
_bН. М.
_gНиколай Михайлович
701 1 _aШкуро
_bА. Е.
_gАлексей Евгеньевич
701 1 _aБурындин
_bВ. Г.
_gВиктор Гаврилович
801 0 _aRU
_bРГБ
_c20150721
_gRCR
942 _cBOOK
980 _aNBR